00945nam a22001817a 450000500170000000800410001702000180005804000070007604100080008308200210009110000190011224500300013126000270016130000260018836500610021452004550027565000330073020220426104220.0220405b ||||| |||| 00| 0 eng d a9781476715926 cAL aeng 223a813.54bHOOP aColleen Hoover aPoint of retreatbA novel aNew DelhibAtriac2012 a302p.bPBc20.5x13cm. 2Generala6320b₹389.22c₹d₹499.00e22%f8-03-2022 aFrom the #1 New York Times bestselling author of All Your Perfects. Sometimes two people have to fall apart to realize just how much they belong together. As Layken and Will’s emotion-packed story continues, a stunning and unforeseen revelation about Will’s past leaves them questioning everything that they thought they knew about each other. With the foundation of their relationship at risk, they must decide whether they are willing to fight. 2American FictionaLiterature